| 000 | 01016cam a22001694a 4500 | ||
|---|---|---|---|
| 005 | 20250605163653.0 | ||
| 008 | 250528s ||||||||||||||||||||||||d | ||
| 035 | _a23970 | ||
| 040 |
_aGR-AtMCL _bgre _dGR-AtMCL _eAACR2 |
||
| 245 | 1 | _aSupply Chain and Logistics / Το Περιοδικό για την Εφοδιαστική Αλυσίδα | |
| 260 |
_bParametros Group _bScl Magazine, _c2021 |
||
| 300 | _a112 | ||
| 520 | _aΣε Αναμόρφωση της Νομοθεσίας για την Εφοδιαστική Αλυσίδα Στοχεύει η ΓΓ Βιομηχανίας, Τι Είναι τα 'Πράσινα' Κτήρια Τελικά; Απαντούν SGS-SINTALI - IBLS - EU BAUHAUS, Ανάγκη να Στρέψει η Πολιτεία το Βλέμμα στους Επαγγελματίες Επίδοξους Χρήστες Ηλεκτροκίνησης, Αλλάζει Πρόσωπο ο Ελληνικός Σιδηρόδρομος. | ||
| 942 | _cCR | ||
| 999 |
_c8881 _d8881 |
||